ARRUPE JESUIT UNIVERSITY

CORONAVIRUS -STOP THE SPREAD - CLEAN,DISINFECT,COVER

Nicholas Cotheret's Annals of Cîteaux / (Record no. 119787)

MARC details
000 -LEADER
fixed length control field 01125cam a2200349 a 4500
001 - CONTROL NUMBER
control field 136944
003 - CONTROL NUMBER IDENTIFIER
control field ARRUPE
005 - DATE AND TIME OF LATEST TRANSACTION
control field 20140130141734.0
008 - FIXED-LENGTH DATA ELEMENTS--GENERAL INFORMATION
fixed length control field 830210s1982 miu b 000 0 eng
010 ## - LIBRARY OF CONGRESS CONTROL NUMBER
LC control number 82004371
020 ## - INTERNATIONAL STANDARD BOOK NUMBER
International Standard Book Number 087907857X (pbk.)
035 ## - SYSTEM CONTROL NUMBER
System control number (OCoLC)8388195
035 ## - SYSTEM CONTROL NUMBER
System control number (OCoLC)ocm08388195
035 ## - SYSTEM CONTROL NUMBER
System control number (CStRLIN)NYCG83-B10299
035 ## - SYSTEM CONTROL NUMBER
System control number (NNC)136944
040 ## - CATALOGING SOURCE
Transcribing agency DCL
043 ## - GEOGRAPHIC AREA CODE
Geographic area code e-fr---
050 0# - LIBRARY OF CONGRESS CALL NUMBER
Classification number BX2615.C48
Item number L44 1982
082 0# - DEWEY DECIMAL CLASSIFICATION NUMBER
Classification number 271/.12/04442
Edition number 19
090 ## - LOCALLY ASSIGNED LC-TYPE CALL NUMBER (OCLC); LOCAL CALL NUMBER (OCLC)
Classification number (OCLC) (R) ; Classification number, CALL (RLIN) (NR) BX2615.C48
Local cutter number (OCLC) ; Book number/undivided call number, CALL (RLIN) L44 1982
300 ## - PHYSICAL DESCRIPTION
Dimensions 22 cm.
100 1# - MAIN ENTRY--PERSONAL NAME
Personal name Lekai, Louis Julius,
Dates associated with a name 1916-
9 (RLIN) 7383
245 10 - TITLE STATEMENT
Title Nicholas Cotheret's Annals of Cîteaux /
Statement of responsibility, etc outlined from the French original by Louis J. Lekai.
260 ## - PUBLICATION, DISTRIBUTION, ETC. (IMPRINT)
Place of publication, distribution, etc Kalamazoo, Mich. :
Name of publisher, distributor, etc Cistercian Publications,
Date of publication, distribution, etc 1982.
300 ## - PHYSICAL DESCRIPTION
Extent xvi, 151 p. ;
490 1# - SERIES STATEMENT
Series statement Cistercian studies series ;
Volume number/sequential designation no. 57
504 ## - BIBLIOGRAPHY, ETC. NOTE
Bibliography, etc Includes bibliographical references.
610 20 - SUBJECT ADDED ENTRY--CORPORATE NAME
Corporate name or jurisdiction name as entry element Abbaye de Cîteaux.
9 (RLIN) 7384
700 1# - ADDED ENTRY--PERSONAL NAME
Personal name Cotheret, Nicolas,
Dates associated with a name 1680-1753?
Title of a work Annales de Cisteaux.
9 (RLIN) 7385
830 #0 - SERIES ADDED ENTRY--UNIFORM TITLE
Uniform title Cistercian studies series ;
Volume number/sequential designation no. 57.
9 (RLIN) 7386
942 ## - ADDED ENTRY ELEMENTS (KOHA)
Source of classification or shelving scheme Library of Congress Classification
Koha item type Monograph ( Printed materials)
Holdings
Withdrawn status Lost status Source of classification or shelving scheme Damaged status Not for loan Collection code Home library Current library Shelving location Date acquired Total Checkouts Full call number Barcode Date last seen Price effective from Koha item type
    Library of Congress Classification     Main Collection ARRUPE LIBRARY ARRUPE LIBRARY Main Collection 30/01/2014   BX2615.C48 L44 1982 464123757 22/11/2017 30/01/2014 Monograph ( Printed materials)

 

Arrupe Library. PO Box MP320 Mt Pleasant, Harare, Zimbabwe
263 242 745411|librarian@aju.ac.zw